<?xml version="1.0" encoding="UTF-8"?>
<record
    xmlns:xsi="http://www.w3.org/2001/XMLSchema-instance"
    xsi:schemaLocation="http://www.loc.gov/MARC21/slim http://www.loc.gov/standards/marcxml/schema/MARC21slim.xsd"
    xmlns="http://www.loc.gov/MARC21/slim">

  <leader>02265cam a2200277   4500500</leader>
  <controlfield tag="005">20250125011323.0</controlfield>
  <datafield tag="041" ind1=" " ind2=" ">
    <subfield code="a">fre</subfield>
  </datafield>
  <datafield tag="042" ind1=" " ind2=" ">
    <subfield code="a">dc</subfield>
  </datafield>
  <datafield tag="100" ind1="1" ind2="0">
    <subfield code="a">Bouvier, Alban</subfield>
    <subfield code="e">author</subfield>
  </datafield>
  <datafield tag="245" ind1="0" ind2="0">
    <subfield code="a">El individualismo metodol&#xF3;gico frente a la cr&#xED;tica de la filosof&#xED;a anal&#xED;tica reciente</subfield>
  </datafield>
  <datafield tag="260" ind1=" " ind2=" ">
    <subfield code="c">2020.
							</subfield>
  </datafield>
  <datafield tag="500" ind1=" " ind2=" ">
    <subfield code="a">50</subfield>
  </datafield>
  <datafield tag="520" ind1=" " ind2=" ">
    <subfield code="a">La tradici&#xF3;n espec&#xED;fica del individualismo metodol&#xF3;gico (IM) establecida en filosof&#xED;a tras la &#xFA;ltima guerra por Karl Popper es objeto de una significativa renovaci&#xF3;n en la forma particularmente anal&#xED;tica que le dio, en la d&#xE9;cada de los cincuenta, uno de sus disc&#xED;pulos, John Watkins. Pero, mientras que Watkins pretend&#xED;a presentar una defensa del IM y una cr&#xED;tica del holismo, los autores &#xAB;post-watkinianos&#xBB; recientes han lanzado, por el contrario, un aluvi&#xF3;n de cr&#xED;ticas al IM, a favor de la aparici&#xF3;n en paralelo de formas pulidas de neo-holismo. Esta tradici&#xF3;n, minuciosa y bien argumentada, pero poco preocupada por debates efectivos en ciencias sociales, conduce a una gran confusi&#xF3;n. As&#xED; pues, a primera vista puede parecer a la vez escol&#xE1;stica y est&#xE9;ril. Su renovaci&#xF3;n, sin embargo, ofrece la oportunidad de perfilar los debates dentro de las propias ciencias sociales, si nos percatamos de que una de las posibles fuentes de la confusi&#xF3;n en cuesti&#xF3;n radica en ciertas equ&#xED;vocos que subsisten entre los propios representantes del IM. El autor de este art&#xED;culo toma como referencia la definici&#xF3;n de IM dada en 1909 por Joseph A. Schumpeter &#x2014;el primero en utilizar la expresi&#xF3;n para caracterizar el m&#xE9;todo de su maestro Carl Menger, m&#xE9;todo retomado por Max Weber&#x2014; y sigue la l&#xED;nea estrictamente schumpeteriana hasta el d&#xED;a de hoy.</subfield>
  </datafield>
  <datafield tag="690" ind1=" " ind2=" ">
    <subfield code="a">Error del realismo conceptual</subfield>
  </datafield>
  <datafield tag="690" ind1=" " ind2=" ">
    <subfield code="a">Holismo</subfield>
  </datafield>
  <datafield tag="690" ind1=" " ind2=" ">
    <subfield code="a">Joseph Schumpeter</subfield>
  </datafield>
  <datafield tag="690" ind1=" " ind2=" ">
    <subfield code="a">Individualismo metodol&#xF3;gico</subfield>
  </datafield>
  <datafield tag="690" ind1=" " ind2=" ">
    <subfield code="a">Karl Popper</subfield>
  </datafield>
  <datafield tag="690" ind1=" " ind2=" ">
    <subfield code="a">John Watkins</subfield>
  </datafield>
  <datafield tag="690" ind1=" " ind2=" ">
    <subfield code="a">M&#xE9;todo individualista</subfield>
  </datafield>
  <datafield tag="690" ind1=" " ind2=" ">
    <subfield code="a">Methodological Individualism</subfield>
  </datafield>
  <datafield tag="690" ind1=" " ind2=" ">
    <subfield code="a">Fallacy of Misplaced Concreteness</subfield>
  </datafield>
  <datafield tag="690" ind1=" " ind2=" ">
    <subfield code="a">Holism</subfield>
  </datafield>
  <datafield tag="786" ind1="0" ind2=" ">
    <subfield code="n">L'Ann&#xE9;e sociologique | 70 | 1 | 2020-03-13 | p. 45-67 | 0066-2399</subfield>
  </datafield>
  <datafield tag="856" ind1="4" ind2="1">
    <subfield code="u">https://shs.cairn.info/revista-l-annee-sociologique-2020-1-page-45?lang=es&amp;redirect-ssocas=7080</subfield>
  </datafield>
  <datafield tag="999" ind1=" " ind2=" ">
    <subfield code="c">912143</subfield>
    <subfield code="d">912143</subfield>
  </datafield>
</record>
